000 00542nam a22001937a 4500
003 Ost
005 20260210065641.0
008 250207b |||||||| |||| 00| 0 eng d
020 _a9783036501109
040 _cBT-PhCST
050 _a25132-25133
082 _222
_a333.9
_bANA
100 _aAnagnostopoulou, Christina.
245 _aImpact of climate-change on water resources /
260 _aBasel, Switzerland :
_bMDPI Publishing,
_cc2021.
300 _aix, 130 p.
_bill. ;
_c25 cm.
700 _aSkoulikaris, Charlampos
942 _2ddc
_cWRE
999 _c9876
_d9876